LEADER 02559nam 2200433z- 450 001 9910228948603321 005 20210211 035 $a(CKB)4100000000927511 035 $a(oapen)https://directory.doabooks.org/handle/20.500.12854/53365 035 $a(oapen)doab53365 035 $a(EXLCZ)994100000000927511 100 $a20202102d2016 |y 0 101 0 $aspa 135 $aurmn|---annan 181 $ctxt$2rdacontent 182 $cc$2rdamedia 183 $acr$2rdacarrier 200 00$aMichel Foucault, treinta an?os despue?s: Aportes para pensar el problema del cuerpo y la educacio?n 210 $cUniversidad Nacional de La Plata. Facultad de Humanidades y Ciencias de la Educacio?n$d2016 215 $a1 online resource (296 p.) 225 1 $aCoediciones 311 08$a950-34-1440-7 330 $aSegu?n postula Foucault la verdad del cuerpo en la modernidad es un privilegio de las ciencias biome?dicas, que promueven una relacio?n matematizada y geometrizada sujeta a diversos procedimientos de mensuracio?n. Partimos de esta base para emprender una genealogi?a que nos permita comprender el alcance de ese proyecto en el campo de la Educacio?n y de la educacio?n corporal. Los trabajos que presentamos parten de esta teorizacio?n para explorar diversos territorios que problematizan las vinculaciones del cuerpo y la educacio?n, a partir de los aportes del filo?sofo france?s. La genealogi?a que emprendio? en sus u?ltimos an?os, y que tiene como eje al problema del sujeto e?tico, nos abre un fe?rtil horizonte para situar el complejo problema de la relacio?n entre el sujeto y la verdad, o mejor, la tri?ada: sujeto, verdad y poder. Entendemos que en ese momento de su obra se encuentran los conceptos ma?s promisores para ampliar el horizonte del debate en las ciencias humanas de forma general y en el campo de la educacio?n corporal en particular. 517 $aMichel Foucault, treinta años despuÃs 517 $aMichel Foucault, treinta años después 606 $aEducation$2bicssc 610 $aEducacio?n corporal 610 $aEducacio?n fi?sica 610 $aEnsen?anza 610 $aFilosofi?a 610 $aFoucault 610 $aMichel 615 7$aEducation 700 $aRodríguez$b Norma Beatriz (Comp.)$4auth$01302827 702 $aViafara Sandoval$b Harold (Comp.)$4auth 906 $aBOOK 912 $a9910228948603321 996 $aMichel Foucault, treinta años después: Aportes para pensar el problema del cuerpo y la educación$93026662 997 $aUNINA LEADER 05291oas 2201777 a 450 001 9910138973203321 005 20251114213013.0 011 $a1525-1403 035 $a(DE-599)ZDB2008283-6 035 $a(DE-599)2008283-6 035 $a(OCoLC)41390172 035 $a(CONSER)sn 99003943 035 $a(CKB)959328097013 035 $a(EXLCZ)99959328097013 100 $a19990519a19989999 uy a 101 0 $aeng 135 $aurmnu|||||||| 181 $ctxt$2rdacontent 182 $cc$2rdamedia 183 $acr$2rdacarrier 200 10$aNeuromodulation 210 $a[Malden, MA?] $cBlackwell Pub 210 2 $aMalden, MA $cJohn Wiley & Sons 210 3 $aNew York $cElsevier 300 $aRefereed/Peer-reviewed 300 $a"Technology at the neural interface." 311 08$a1094-7159 531 0 $aNeuromodulation 606 $aCentral nervous system$xPhysiology$vPeriodicals 606 $aCentral nervous system$xDiseases$xTreatment$vPeriodicals 606 $aStimulants$vPeriodicals 606 $aNeural stimulation$vPeriodicals 606 $aNeurotransmitters$vPeriodicals 606 $aNerves, Peripheral$xPhysiology$vPeriodicals 606 $aNerves, Peripheral$xDiseases$xTreatment$vPeriodicals 606 $aCentral Nervous System$xphysiology 606 $aCentral Nervous System Diseases$xtherapy 606 $aNeurology 606 $aNeurosciences 606 $aCentral Nervous System Stimulants 606 $aElectric Stimulation Therapy 606 $aNeurotransmitter Agents 606 $aPeripheral Nervous System$xphysiology 606 $aPeripheral Nervous System Diseases$xtherapy 606 $aNeurology$2ebps 606 $aCentral nervous system$xDiseases$xTreatment$2fast$3(OCoLC)fst00850740 606 $aCentral nervous system$xPhysiology$2fast$3(OCoLC)fst00850749 606 $aNerves, Peripheral$xDiseases$xTreatment$2fast$3(OCoLC)fst01036071 606 $aNeural stimulation$2fast$3(OCoLC)fst01036277 606 $aNeurotransmitters$2fast$3(OCoLC)fst01036566 606 $aStimulants$2fast$3(OCoLC)fst01133448 606 $aNerf pe?riphe?rique$2rasuqam 606 $aPhysiologie$2rasuqam 606 $aNeurotransmetteur$2rasuqam 606 $aStimulation e?lectrique$2rasuqam 606 $aStimulant$2rasuqam 606 $aSyste?me nerveux central$2rasuqam 606 $aTraitement me?dical$2rasuqam 608 $aFulltext. 608 $aInternet Resources. 608 $aPeriodicals. 608 $aPeriodicals.$2fast 608 $aPeriodicals.$2lcgft 608 $aRessource Internet (Descripteur de forme)$2rasuqam 608 $aPe?riodique e?lectronique (Descripteur de forme)$2rasuqam 615 0$aCentral nervous system$xPhysiology 615 0$aCentral nervous system$xDiseases$xTreatment 615 0$aStimulants 615 0$aNeural stimulation 615 0$aNeurotransmitters 615 0$aNerves, Peripheral$xPhysiology 615 0$aNerves, Peripheral$xDiseases$xTreatment 615 12$aCentral Nervous System$xphysiology. 615 12$aCentral Nervous System Diseases$xtherapy. 615 12$aNeurology. 615 12$aNeurosciences. 615 22$aCentral Nervous System Stimulants. 615 22$aElectric Stimulation Therapy. 615 22$aNeurotransmitter Agents. 615 22$aPeripheral Nervous System$xphysiology. 615 22$aPeripheral Nervous System Diseases$xtherapy. 615 7$aNeurology. 615 7$aCentral nervous system$xDiseases$xTreatment. 615 7$aCentral nervous system$xPhysiology. 615 7$aNerves, Peripheral$xDiseases$xTreatment. 615 7$aNeural stimulation. 615 7$aNeurotransmitters. 615 7$aStimulants. 615 7$aNerf pe?riphe?rique. 615 7$aPhysiologie. 615 7$aNeurotransmetteur. 615 7$aStimulation e?lectrique. 615 7$aStimulant. 615 7$aSyste?me nerveux central. 615 7$aTraitement me?dical. 676 $a612.8 676 $a612.82 712 02$aInternational Neuromodulation Society, 712 02$aInternational Functional Electrical Stimulation Society, 801 0$bNSD 801 1$bNSD 801 2$bOCL 801 2$bNSD 801 2$bOCLCQ 801 2$bWAU 801 2$bOCLCQ 801 2$bFUG 801 2$bUQ1 801 2$bTEF 801 2$bDLC 801 2$bOCLCQ 801 2$bOCLCO 801 2$bOCLCQ 801 2$bNLGGC 801 2$bOCLCQ 801 2$bZ5A 801 2$bOCLCO 801 2$bWT2 801 2$bOCLCQ 801 2$bOCLCO 801 2$bOCLCQ 801 2$bOCLCA 801 2$bBUF 801 2$bOCLCQ 801 2$bOCLCF 801 2$bEZC 801 2$bOCLCQ 801 2$bLND 801 2$bCASUM 801 2$bOCLCO 801 2$bWYU 801 2$bU3W 801 2$bVT2 801 2$bOCLCO 801 2$bOCLCA 801 2$bOCLCQ 801 2$bOCLCO 801 2$bOCLCA 801 2$bOCLCQ 801 2$bOCLCA 801 2$bSRU 801 2$bUBY 801 2$bOCLCO 801 2$bGUA 801 2$bDLC 801 2$bOCLCQ 801 2$bOCLCL 906 $aJOURNAL 912 $a9910138973203321 996 $aNeuromodulation$91916100 997 $aUNINA